000 005060000a22001810004500
003 MACL
005 20160331141635.0
008 160331b xxu||||| |||| 00| 0 eng d
040 _aMACL
_cMACL
041 _aHindi
082 _a333
100 _aकृपाशंकर चौबे
_949303
245 _aपानी रे पानी
260 _aकोलकाता
_bआनन्‍द प्रकाशन
_c2009
350 _a125
650 _aEnvironment
_949304
942 _cHIN
_k333
_2ddc
999 _c46194
_d46194